| 000 | 00368pam a2200145 a 4500 | ||
|---|---|---|---|
| 020 |
_a0323002226 _c |
||
| 041 | _h | ||
| 100 | _aFREIBERG A. . | ||
| 245 |
_aTHE RADIOLOGY OF ORTHOPAEDIC IMPLANTS: AN ATLAS OF TECHNIQUES AND ASSESSMENT _hTextual Documents |
||
| 250 | _a1. | ||
| 260 |
_bMOSBY _c2001 |
||
| 300 |
_a255: _bXVI; _cHB. |
||
| 930 | _a5522 | ||
| 999 |
_c800049 _d800049 |
||
| 650 | _aORTHO | ||